| 000 | 00959nam a2200217Ia 4500 | ||
|---|---|---|---|
| 003 | GCL | ||
| 008 | 140319s9999 xx 000 0 ara d | ||
| 040 |
_aGCL / _cGCL |
||
| 082 | 0 | 4 |
_a415.1 _bك ش |
| 100 | 1 | _aالكافيجى : ابوعبدالله محيىالدين محمد بن سليمان بن سعد بن مسعود الرومى الحنفى | |
| 245 | 1 | 0 |
_aشرح قواعد الاعراب لابن هشام / _cالكافيجى : ابوعبدالله محيىالدين محمد بن سليمان بن سعد بن مسعود الرومى الحنفى |
| 250 | _aالثانية | ||
| 260 |
_aسوريا : _bدار طلاس للدراسات والترجمة ، _c1993 |
||
| 300 |
_a561 ص ؛ _c25 سم |
||
| 650 | 0 | 4 | _aالنحو |
| 650 | 0 | 4 | _aاللغة العربية - النحو |
| 650 | 0 | 4 | _aاللغة العربية - النطق |
| 650 | 0 | 4 | _aالنحو - نظريات |
| 650 | 0 | 4 | _aالالفاظ - الاعراب |
| 942 |
_2ddc _cBK |
||
| 999 |
_c43699 _d43699 |
||